Management of mungbean yellow mosaic through some selected chemicals botanicals and cultural treatments / (Record no. 8622)

MARC details
000 -LEADER
fixed length control field 01229nam a22002777a 4500
001 - CONTROL NUMBER
control field BD-DhSAU 8622
003 - CONTROL NUMBER IDENTIFIER
control field BD-DhSAU
005 - DATE AND TIME OF LATEST TRANSACTION
control field 20190109093918.0
008 - FIXED-LENGTH DATA ELEMENTS--GENERAL INFORMATION
fixed length control field 150612b2007 bg a|||| m||| 00| 0 eng d
040 ## - CATALOGING SOURCE
Original cataloging agency BD-DhSAU
082 ## - DEWEY DECIMAL CLASSIFICATION NUMBER
Edition number 22
Classification number 571.92
Item number H7949
100 ## - MAIN ENTRY--PERSONAL NAME
Personal name Hossain, ASM Alams
Relator term Registration no. # 06-02152
245 ## - TITLE STATEMENT
Title Management of mungbean yellow mosaic through some selected chemicals botanicals and cultural treatments /
Remainder of title MS thesis
Statement of responsibility, etc. ASM Alams Hossain
260 ## - PUBLICATION, DISTRIBUTION, ETC. (IMPRINT)
Place of publication, distribution, etc. Sher-e-Bangla Agricultural Uniersity :
Name of publisher, distributor, etc. Department of Plant Pathology,
Date of publication, distribution, etc. 2007.
300 ## - PHYSICAL DESCRIPTION
Extent viii, 80 p. :
Other physical details ill. ;
Dimensions 30 cm.
500 ## - GENERAL NOTE
General note MS thesis of Department of Plant Pathology, Faculty of Agriculture, Sher-e-Bangla Agricultural University, Dhaka, Bangladesh
504 ## - BIBLIOGRAPHY, ETC. NOTE
Bibliography, etc Includes bibliographical reference.
590 ## - Name of Cataloguer
Name of Cataloger erfat <br/>
650 ## - SUBJECT ADDED ENTRY--TOPICAL TERM
Topical term or geographic name as entry element Plant Pathology
650 ## - SUBJECT ADDED ENTRY--TOPICAL TERM
Topical term or geographic name as entry element Mangament of mungbean yellow mosaic.
650 ## - SUBJECT ADDED ENTRY--TOPICAL TERM
Topical term or geographic name as entry element Botanicals and cultural treatments.
700 ## - ADDED ENTRY--PERSONAL NAME
Personal name Akhtar, Mrs Nasim
Relator term Superviser
700 ## - ADDED ENTRY--PERSONAL NAME
Personal name Muqit, Abdul
Relator term Co-superviser
856 ## - ELECTRONIC LOCATION AND ACCESS
Uniform Resource Identifier <a href="http://archive.saulibrary.edu.bd:8080/xmlui/handle/123456789/167">http://archive.saulibrary.edu.bd:8080/xmlui/handle/123456789/167</a>
942 ## - ADDED ENTRY ELEMENTS (KOHA)
Source of classification or shelving scheme Dewey Decimal Classification
Koha item type MS Level Thesis
Holdings
Withdrawn status Lost status Source of classification or shelving scheme Damaged status Not for loan Collection code Home library Branch Name Shelving location Date acquired Total Checkouts Full call number Barcode Date last seen Price effective from Koha item type
    Dewey Decimal Classification   Not For Loan Reference SAU Library SAU Library Reference 13/06/2015   571.92 H7949 37359 13/06/2015 13/06/2015 MS Level Thesis